000 00659nam a2200229Ia 4500
003 OSt
005 20250710190301.0
008 210423s2019 xx 000 0 und d
020 _a978-0-367-20502-7
040 _cAL
041 _aEnglish
082 _a070.4
_bFRAR
100 _aBob Franklin
_998006
245 _aRoutledge companion to digital journalism studies
260 _aNew York
_bRoutledge
_c2019
300 _axxv,614p.
_bPB
_c24.5x17.5cm.
365 _b4162.96
_cINR
650 _aJournalism & Media
_998007
700 _aEldrige, Scott A II
_9218082
906 _acompanion ; digital ; journalism ; Routledge ; studies
942 _2ddc
_cBK
999 _c170930
_d170930